Szivárvány Léna Varázglatos Meséi Míra, a tündérkirálynő

Podrobná bibliografia
Hlavný autor: Menyhárt, Marianna (Autor, Ilustrátor)
Médium: Kniha
Jazyk:maďarčina
Fyzický popis:34 strán ilustrácie, ilustrované listy 20 cm
Vydavateľské údaje: Komárno Mímámsá s.r.o. 2024
ISBN:9788097484026
Predmet:

MARC

LEADER 00000cam a2200000 4500
001 vtls012278038
003 SK-MaSNL
005 20260301232222.0
008 250612s2024 xo af b 010 f hun
015 |a SNBA2025/06 
020 |a 9788097484026  |q (viazené) 
040 |a SNK  |b slo  |c SNK  |e rda 
041 0 |a hun 
044 |a xo  |c SK 
072 7 |a 821.511.1  |x Ugrofínske literatúry  |2 konspekt 
072 7 |a 821-93  |x Literatúra pre deti a mládež (beletria)  |2 konspekt 
080 |a 821.511.141-34  |2 2011 
080 |a 82-93-053.4/.5  |2 2011 
080 |a (0.025.2)  |2 2011 
100 1 |a Menyhárt, Marianna  |4 aut  |4 ill  |9 258815 
245 1 0 |a Szivárvány Léna Varázglatos Meséi  |p Míra, a tündérkirálynő  |c Marianna Menyhárt 
246 3 0 |a Míra, a tündérkirálynő 
246 1 |i Na obálke:  |a Gyógyító mese 
264 1 |a Komárno  |b Mímámsá s.r.o.  |c 2024 
300 |a 34 strán  |b ilustrácie, ilustrované listy  |c 20 cm 
336 |a text  |b txt  |2 rdacontent 
336 |a statický obraz  |b sti  |2 rdacontent 
337 |a bez média  |b n  |2 rdamedia 
338 |a zväzok  |b nc  |2 rdacarrier 
655 7 |a maďarské rozprávky  |2 SNKPH  |9 70574 
655 7 |a literatúra pre deti  |2 SNKPH  |9 87135 
655 7 |a ilustrované publikácie  |2 SNKPH  |9 109406 
655 7 |a Hungarian fairy tales  |2 SNKPHeng  |9 329966 
655 7 |a Children's literature  |2 SNKPHeng  |9 276039 
655 7 |a Illustrated publications  |2 SNKPHeng  |9 289635 
787 0 8 |i Zo série:  |t Szivárvány Léna Varázglatos Meséi  |g 2 
852 |a Slovenská národná knižnica 
919 |a 978-80-974840-2-6 
954 |a beletria cudzojazyčná (svetová)  |2 lita 
958 |a LX 
958 |a DB 
958 |a HU 
999 |c 960804  |d 962734 
952 |a SNK  |b SNK  |y PREZ  |7 0  |p 17A1567098  |o snkSD 93415  |i snk2025/9392  |8 0  |0 0  |1 0  |4 0  |d 2025-06-12  |l 0  |r 2026-02-24 10:18:05  |w 2026-02-24